000
00340nam a2200145Ia 4500
008
230718s9999 xx 000 0 und d
041
_a
Eng.
082
_a
34603
_b
ROT-T
100
_a
Rotant abd Dbirajld
245
4
_a
The law of tests
260
_a
Pakistan
_b
Lexis Nexis publisher
_c
2006
300
_a
898
650
_a
Law
999
_c
28108
_d
28108